000 01125nam a22003257a 4500
003 CHAP
005 20220329141028.0
008 971013s1987 r 00010 d
010 _a61516
011 _a62488
035 _a66662
040 _cCHAP
090 _aTesis
100 0 0 _aMedrano Gordillo, Raúl.
_974135
245 _aExploraciones de la parasitosis gastrointestinal en cabras criollas de dos localidades del Altiplano Potosino
260 _aChapingo, Méx. :
_bEl autor,
_c1987
300 _a79 h.
_b; gráfs.
502 _aTesis (Ing. Agr.) -- UACH. Departamento de Zonas Aridas
590 _aALEPH
_b10
_c20130110
_lUCH01
_h1343
590 _aBATCH-UPD
_b10
_c20130110
_lUCH01
_h0710
590 _aBATCH-UPD
_b10
_c20130410
_lUCH01
_h0356
590 _aBATCH-UPD
_b10
_c20130914
_lUCH01
_h1507
590 _aCONVERSION
_b10
_c20130109
_lUCH01
_h1333
650 1 4 _aGanado cabrío
_xParásitos.
_945035
650 1 4 _aGanado cabrío
_xSan Luis Potosí.
_945044
901 _aBK
942 _cFOLL
949 _bBC
_cTES
_d-151882
_eTS1
_h30518
_i66662
_si
949 _bBC
_cTES
_d33724000622197
_eTS2
_fc.2
_h30519
_i66662
_si
999 _c61516
_d61516